00552nam a22001457a 4500003000400000005001700004008004100021040001400062100002400076245009900100260003400199300003000233500011200263504003100375OSt20250906102558.0230906b |||||||| |||| 00| 0 eng d aMMSUcULS aGalapon, Sabrina B. aDeterminants of place-making in La Virgen Milagrosa, Badoc, Ilocos Norte /cSabrina B. Galapon aCity of Batac :bMMSU, c2019 axii, 101 leaves ;c28 cm. aThesis (AB Sociology) -- Mariano Marcos State University - College of Arts & Sciences, City of Batac, 2019. aBibliography: leaves 78-79